Hong Kong Population <a> 20-year projection

Salvato in:
Dettagli Bibliografici
Natura: Libro
Lingua:inglese
Pubblicazione: Hong Kong Census and Statistics Department 1987
Soggetti:
Tags: Aggiungi Tag
Nessun Tag, puoi essere il primo ad aggiungerne!!

MARC

LEADER 00000nam a2200000 4500
001 c024484
005 20260122095134.8
041 0 |a eng 
044 |a GB 
245 1 0 |a Hong Kong Population  |b <a> 20-year projection 
264 1 |a Hong Kong  |b Census and Statistics Department  |c 1987 
300 |a 59 s. 
610 2 0 |a Hongkong 
610 2 0 |a vývoj populačný 
610 2 0 |a ukazovatele demografické